00551cam a22001331 4500008004100000050002000041100002100061245018700082260004200269300004200311440001600353504003100369650001700400730821s1956 nyua b 000 0 eng 00aQA3 b.N48 19561 aNewman, James R.14aThe world of mathematics:ba small library of the literature of mathematics from Aʻh-mosé the scribe to Albert Einstein/cpresented with commentaries and notes by James R. Newman. aNew York:bSimon and Schuster,c1956. a4 v. xviii, 2535 p. :bill. ;c23 cm. n4 v.vvol 2 aBibliographical footnotes. 0aMathematics.